<The> advantages of manufacturing technology planning.

Metodika plánovania výrobnej technológie (MTP) slúži na optimalizáciu investícií do technológie. Popis krokov MTP, ktoré zahrnujú stanovenie potreby technológie, hodnotenie alternatívnych technológií, predloženie priorizovaných návrhov vedeniu a implementáciu návrhu. Typické prínosy MTP. Príklad upl...

Ausführliche Beschreibung

Gespeichert in:
Bibliographische Detailangaben
1. Verfasser: Scharlacken, J.W
Format: Buchkapitel
Sprache:Englisch
Schlagworte:
Tags: Tag hinzufügen
Keine Tags, Fügen Sie das erste Tag hinzu!

MARC

LEADER 00000naa a2200000 4500
001 r009313
005 20220913122508.7
041 0 |a eng 
044 |a US 
245 1 0 |a <The> advantages of manufacturing technology planning.  |c J.W. Scharlacken 
520 |a Metodika plánovania výrobnej technológie (MTP) slúži na optimalizáciu investícií do technológie. Popis krokov MTP, ktoré zahrnujú stanovenie potreby technológie, hodnotenie alternatívnych technológií, predloženie priorizovaných návrhov vedeniu a implementáciu návrhu. Typické prínosy MTP. Príklad uplatnenia metódy u dodávateľského podniku armády hľadajúceho nové trhy a dosiahnuté výsledky. 
610 2 0 |a technológia výroby 
610 2 0 |a plánovanie podnikové 
610 2 0 |a metodika 
610 2 0 |a optimalizácia 
610 2 0 |a investície 
610 2 0 |a vzťahy dodávateľsko-odberateľské 
610 2 0 |a armáda 
610 2 0 |a prieskum trhu 
100 1 |a Scharlacken, J.W.